000 00553nam a2200205Ia 4500
003 OSt
005 20220215024608.0
008 151015s9999 xx 000 0 und d
020 _a632033673
040 _aMMU
_beng
_cMMU
_dMMU
050 _aRC 667.T56 1993
100 _aTimmis, Asam D.
245 _a Essentials of Cardiology /
_cAdam D. Timmis
260 _aLondon :
_bOxford ,
_c1993.
300 _axiv, 351 p. :
500 _aIncludes index
650 _a_Cardiology -Heart Disease
700 _aAnthony W.Nathan
942 _2lcc
_cLOAN LOAN
999 _c4977
_d4977